| Tag |
First Indicator |
Second Indicator |
Subfields |
| LEADER |
00000cam a2200000 4500 |
| 001 |
in00000033901 |
| 005 |
20151007063341.0 |
| 008 |
750729s1940 nyu b 00010 eng u |
| 010 |
|
|
|a 40011786
|
| 035 |
|
|
|a (OCoLC)01488021
|
| 035 |
|
|
|9 AAD7190AM
|
| 040 |
|
|
|c JPL
|d TXA
|d UtOrBLW
|
| 049 |
|
|
|a TXAM
|c [118584]
|
| 050 |
|
0 |
|a PN3355
|b .V4
|
| 082 |
0 |
|
|a 808.3
|
| 092 |
|
|
|a 808.3
|b V583w
|
| 100 |
1 |
|
|a Vestal, Stanley,
|d 1887-1957.
|
| 245 |
1 |
0 |
|a Writing magazine fiction /
|c [by] Walter S. Campbell (Stanley Vestal).
|
| 264 |
|
1 |
|a New York :
|b Doubleday, Doran & company, inc.,
|c 1940.
|
| 300 |
|
|
|a xii, 292 pages ;
|c 20 cm.
|
| 336 |
|
|
|a text
|b txt
|2 rdacontent
|
| 337 |
|
|
|a unmediated
|b n
|2 rdamedia
|
| 338 |
|
|
|a volume
|b nc
|2 rdacarrier
|
| 500 |
|
|
|a "First edition."
|
| 504 |
|
|
|a Bibliography: pages 291-292.
|
| 650 |
|
0 |
|a Fiction
|x Technique.
|
| 650 |
|
0 |
|a Authorship.
|
| 999 |
|
|
|a MARS
|
| 999 |
f |
f |
|s d2e87c89-1127-34ff-9797-19798c7a4dff
|i e48431f8-bfee-3c05-aef8-2b4f00d76502
|t 0
|
| 952 |
f |
f |
|p ric
|a Texas A&M University
|b Rellis Campus
|c Joint Library Facility
|d Remote Storage
|t 0
|e PN3355 .V4
|h Library of Congress classification
|i unmediated -- volume
|m A14801198780
|
| 998 |
f |
f |
|a PN3355 .V4
|t 0
|l Remote Storage
|